Ape's great escape / (Record no. 50069)
| 000 -LEADER | |
|---|---|
| fixed length control field | 00722nam a2200121 4500 |
| 020 ## - INTERNATIONAL STANDARD BOOK NUMBER | |
| International Standard Book Number | 9780794542078 |
| 100 ## - MAIN ENTRY--PERSONAL NAME | |
| Personal name | Punter, Russell, |
| Relator term | author. |
| 9 (RLIN) | 51278 |
| 245 ## - TITLE STATEMENT | |
| Title | Ape's great escape / |
| Statement of responsibility, etc | by Russell Punter and David Semple. |
| 260 ## - PUBLICATION, DISTRIBUTION, ETC. (IMPRINT) | |
| Place of publication, distribution, etc | London ; |
| Name of publisher, distributor, etc | Usborne : |
| Date of publication, distribution, etc | 2018. |
| 300 ## - PHYSICAL DESCRIPTION | |
| Extent | 24 pages. |
| 520 ## - SUMMARY, ETC. | |
| Summary, etc | Ape's in chains for stealing grapes… find out how his great escape goes with this lively story and humorous illustrations, ideal for children who are beginning to read for themselves or for reading aloud together. With simple rhyming text and phonic repetition specially designed to develop essential language and early reading skills. Guidance notes for parents are included at the back of the book. |
| 942 ## - ADDED ENTRY ELEMENTS (KOHA) | |
| Source of classification or shelving scheme | |
| Koha item type | Book |
| Withdrawn status | Lost status | Source of classification or shelving scheme | Damaged status | Not for loan | Home library | Current library | Date acquired | Total Checkouts | Full call number | Barcode | Date last seen | Date checked out | Price effective from | Koha item type |
|---|---|---|---|---|---|---|---|---|---|---|---|---|---|---|
| Logos International School | Logos International School | 01/15/2026 | 1 | E PUN | 040808 | 01/23/2026 | 01/16/2026 | 01/15/2026 | Book |